Podział administracyjny Litwy pierwszego stopnia - Statystyki

Ogólne statystyki
  • Ten quiz został rozwiązany 8 razy
  • Średni wynik to 5 z 10
Statystyki odpowiedzi
Odpowiedź % Poprawnych
Wileński
100%
Kłajpedzki
75%
Kowieński
75%
Poniewieski
50%
Mariampolski
25%
Olicki
25%
Szawelski
25%
Tauroski
25%
Telszański
25%
Uciański
25%
Nie znaleziono quizów pasujących do podanych kryteriów
Rozkład punktacji
Procent ludzi z każdym wynikiem
Percentyl według liczby udzielonych odpowiedzi
Twoja historia wyników
Nie rozwiązałeś tego quizu